|
|
|
|
| LEADER |
01812nam a22004812a 4500 |
| 001 |
000127399 |
| 003 |
CZ BrMZK |
| 005 |
20230630060554.0 |
| 007 |
ta |
| 008 |
950101s1978 xr a c f cze d |
| 015 |
|
|
|a cnb000419187
|
| 035 |
|
|
|a (OCoLC)42162661
|
| 040 |
|
|
|a ABA001
|b cze
|c BOA001
|d ABA001
|
| 043 |
|
|
|a e-xr---
|
| 072 |
|
7 |
|a 626/627
|x Vodní stavitelství. Vodní hospodářství
|2 Konspekt
|9 19
|
| 072 |
|
7 |
|a 0/9-053.2
|x Literatura pro děti a mládež (naučná)
|2 Konspekt
|9 26
|
| 080 |
|
|
|a 627.8
|2 MRF
|
| 080 |
|
|
|a 627.81
|2 MRF
|
| 080 |
|
|
|a (437.3)
|2 MRF
|
| 080 |
|
|
|a (0.062)
|2 MRF
|
| 080 |
|
|
|a (0.053.2)
|2 MRF
|
| 100 |
1 |
|
|a Čihař, Jiří,
|d 1930-2009
|7 jk01021822
|4 aut
|
| 245 |
1 |
0 |
|a Naše přehrady /
|c Jiří Čihař, Otto Janka ; [barev.] il. Eva Smrčinová
|
| 250 |
|
|
|a 1. vyd.
|
| 260 |
|
|
|a Praha :
|b Albatros,
|c 1978
|
| 300 |
|
|
|a 255, [13] s. ;
|c 12°
|
| 490 |
1 |
|
|a Oko ;
|v sv. 47
|
| 500 |
|
|
|a 17000 výt.
|
| 500 |
|
|
|a Přehl. našich přehrad
|
| 650 |
0 |
7 |
|a přehrady
|7 ph115986
|z Česko
|2 czenas
|
| 650 |
0 |
7 |
|a přehradní nádrže
|7 ph139014
|z Česko
|2 czenas
|
| 655 |
|
7 |
|a populárně-naučné publikace
|7 fd131864
|2 czenas
|
| 655 |
|
7 |
|a publikace pro děti
|7 fd133156
|2 czenas
|
| 700 |
1 |
|
|a Janka, Otto,
|d 1930-2009
|7 jk01050968
|4 aut
|
| 700 |
1 |
|
|a Smrčinová, Eva,
|d 1948-
|7 jk01120150
|4 ill
|
| 830 |
|
0 |
|a Oko (Albatros)
|0 s
|
| 856 |
4 |
1 |
|u http://www.digitalniknihovna.cz/mzk/uuid/uuid:34755e80-a7e6-11e2-8b87-005056827e51
|y Digitalizovaný dokument
|x NDK
|
| 910 |
|
|
|a BOA001
|b 1-0799.674
|b PK-A-0017.163
|
| 920 |
|
|
|a 000366105
|
| 990 |
|
|
|a BK
|
| 991 |
|
|
|b 200808
|
| 996 |
6 |
|
|b 2619973063
|c 1-0799.674
|l MZK
|r Sklad / do 1 hodiny
|n 4
|w 000127399
|u 000010
|a 1
|e BOA001
|j MZK50
|s P
|
| 996 |
7 |
|
|b 3119808177
|c PK-A-0017.163
|l MZK
|r Sklad / do 1 hodiny
|n 6
|w 000127399
|u 000020
|a 1
|e BOA001
|j MZK50
|s A
|